New religious movements and rapid social change /

Bibliographic Details
Corporate Author: International Sociological Association. Research Committee 22
Other Authors: Beckford, James A.
Format: Book
Language:English
Published: London ; Beverly Hills, Calif. : Paris, France : Sage Publications ; Unesco, 1986.
Subjects:

MARC

Tag First Indicator Second Indicator Subfields
LEADER 00000cam a2200000 a 4500
001 in00000012836
005 20151007051919.0
008 860327s1986 enka b i00100 eng
010 |a  86060924  
020 |z 0803980038 
020 |a 0803980035 (jacket) 
035 |a (OCoLC)16131710 
035 |9 AAA5413AM 
040 |a DLC  |c DLC  |d TXA  |d UtOrBLW 
049 |a TXAM  |c [A12636092] 
050 0 0 |a BL87  |b .N47 1986 
082 0 |a 291.9  |2 19 
245 0 0 |a New religious movements and rapid social change /  |c edited by James A. Beckford on behalf of Research Committee 22 of the International Sociological Association. 
264 1 |a London ;  |a Beverly Hills, Calif. :  |b Sage Publications ;  |a Paris, France :  |b Unesco,  |c 1986. 
300 |a xv, 247 pages :  |b illustrations ;  |c 22 cm. 
336 |a text  |b txt  |2 rdacontent 
337 |a unmediated  |b n  |2 rdamedia 
338 |a volume  |b nc  |2 rdacarrier 
504 |a Includes bibliographies and index. 
505 0 |a Religious movements and counter-movements in North America / Robert Wuthnow -- New religious movements in Western Europe / James A. Beckford and Martine Levasseur -- The development of millennialistic thought in Japan's new religions / Susumu Shimazono -- Social change and movements of revitalization in contemporary Islam / Saïd Amir Arjomand -- A contemporary study of two new religious movements in the Republic of Korea / Syn-duk Choi -- New religious movements in the Caribbean / Laënnec Hurbon -- The social impact of Nigeria's new religious movements / Friday M. Mbon -- The cult of Hūniyan / Gananath Obeyesekere -- New Hindo religious movements in India / Arvind Sharma. 
650 0 |a Religions. 
700 1 |a Beckford, James A. 
710 2 |a International Sociological Association.  |b Research Committee 22. 
999 |a MARS 
999 f f |s 79f52383-d850-3448-a41f-499f65c2984d  |i f3d27c4c-5862-3273-b410-3eeaea1f668a  |t 0 
952 f f |p ric  |a Texas A&M University  |b Rellis Campus  |c Joint Library Facility  |d Remote Storage  |t 0  |e BL87 .N47 1986  |h Library of Congress classification  |i unmediated -- volume  |m A14812636092 
998 f f |a BL87 .N47 1986  |t 0  |l Remote Storage